| 000 | 00400cam a2200181ua 4500 | ||
|---|---|---|---|
| 020 | _c3.00 | ||
| 041 |
_ahin _h |
||
| 082 |
_a891.54 _bMAH/NE |
||
| 100 | _aMahadevi, Varma . | ||
| 245 |
_aNeehar / _cMahadevi Varma. _hTheses |
||
| 250 |
_a1 / _b. |
||
| 260 |
_aAgra : _bSahitya Bhawan , _c1957. |
||
| 300 | _a88 ; . | ||
| 365 | _a3.00 | ||
| 504 | _a | ||
| 942 | _cBK | ||
| 999 |
_c8225 _d8225 |
||